000 00431nam a22001577a 4500
005 20170807091436.0
008 170807b xxu||||| |||| 00| 0 eng d
020 _a5010027917
040 _cPK-LaUMT
082 _aZIAC 297.01
_bTAU-C
100 _aTaufic Ibrahim
245 _aClassical Islamic philosophy/
_cTaufic Ibrahim and Arthur Sagadeev
260 _aMoscow:
_bProgress publishers,
_c1990
300 _a349 p.
942 _cBK
999 _c96502
_d96502